[Event "40th Annual World Open"]
[Site "Philadelphia USA"]
[Date "2012.07.05"]
[Round "3"]
[White "Zapata, Alonso"]
[Black "Harmon, Luke"]
[Result "1/2-1/2"]
[WhiteTitle "GM"]
[WhiteElo "2488"]
[BlackElo "2265"]
[WhiteFideId "4400011"]
[BlackFideId "2030012"]
[EventDate "2012.07.03"]
[EventType "swiss"]

1. e4 e6 2. d4 d5 3. Nd2 Nc6 4. Ngf3 Nf6 5. e5 Nd7 6. c4 dxc4 7. Nxc4 Nb4 8. Bg5
Be7 9. Bxe7 Qxe7 10. a3 Nd5 11. Rc1 O-O 12. Bd3 b6 13. Ne3 Nxe3 14. fxe3 c5 15.
h4 h6 16. Ng5 Bb7 17. Qh5 cxd4 18. exd4 Rac8 19. Rxc8 Rxc8 20. O-O f5 21. Nxe6
Qxe6 22. Bxf5 Qc6 23. Qg4 Nf8 24. Bxc8 Bxc8 25. Qf4 Ne6 26. Qf7+ Kh7 27. Qf5+
Kg8 28. Qf7+ Kh7 29. Qf5+ Kg8 30. Qf7+ 1/2-1/2

[Event "40th Annual World Open"]
[Site "Philadelphia USA"]
[Date "2012.07.05"]
[Round "3"]
[White "Hess, Robert L"]
[Black "Deepan, Chakkravarthy J."]
[Result "0-1"]
[WhiteTitle "GM"]
[BlackTitle "GM"]
[WhiteElo "2639"]
[BlackElo "2468"]
[WhiteFideId "2022036"]
[BlackFideId "5011132"]
[EventDate "2012.07.03"]
[EventType "swiss"]

1. d4 Nf6 2. c4 g6 3. Nc3 d5 4. Bg5 Ne4 5. Bh4 Nxc3 6. bxc3 dxc4 7. e3 Be6 8.
Rb1 Bg7 9. Nh3 Nd7 10. Nf4 Bf5 11. Rxb7 Nb6 12. Qf3 O-O 13. Be2 Qc8 14. Rxb6
axb6 15. Nd5 Kh8 16. e4 Be6 17. Nxe7 Qd7 18. d5 Bg4 19. Qxg4 Bxc3+ 20. Kf1 Qxg4
21. Bxg4 Rxa2 22. Bd1 Rd2 23. Bf3 Ra8 24. g4 Ra1+ 25. Kg2 Rxh1 26. Kxh1 Bg7 27.
Kg2 h6 28. g5 c3 29. gxh6 c2 0-1

[Event "40th Annual World Open"]
[Site "Philadelphia USA"]
[Date "2012.07.05"]
[Round "3"]
[White "Gupta, Abhijeet"]
[Black "Molner, Mackenzie"]
[Result "1-0"]
[WhiteTitle "GM"]
[BlackTitle "IM"]
[WhiteElo "2627"]
[BlackElo "2479"]
[WhiteFideId "5010608"]
[BlackFideId "2021722"]
[EventDate "2012.07.03"]
[EventType "swiss"]

1. d4 Nf6 2. c4 e6 3. Nc3 Bb4 4. Qc2 d5 5. cxd5 exd5 6. Bg5 c5 7. dxc5 h6 8. Bh4
g5 9. Bg3 Ne4 10. e3 Qa5 11. Rc1 Bf5 12. Bxb8 Rxb8 13. Bd3 Qxa2 14. Ne2 Qa5 15.
O-O Nxc3 16. Nxc3 Be6 17. Nb5 a6 18. Nd4 Rc8 19. c6 O-O 20. Qe2 bxc6 21. Qh5 1-0

[Event "40th Annual World Open"]
[Site "Philadelphia USA"]
[Date "2012.07.05"]
[Round "3"]
[White "Romanov, Evgeny"]
[Black "Bercys, Salvijus"]
[Result "1-0"]
[WhiteTitle "GM"]
[BlackTitle "IM"]
[WhiteElo "2623"]
[BlackElo "2429"]
[WhiteFideId "4148843"]
[BlackFideId "12802212"]
[EventDate "2012.07.03"]
[EventType "swiss"]

1. g3 c5 2. Bg2 g6 3. c4 Bg7 4. Nc3 Nc6 5. d3 e6 6. e4 Nge7 7. Nge2 a6 8. O-O
O-O 9. Rb1 b5 10. cxb5 axb5 11. Nxb5 Ba6 12. a4 Rb8 13. Nec3 d5 14. exd5 exd5
15. Bf4 Rb7 16. Bd6 d4 17. Ne4 Bxb5 18. axb5 Rxb5 19. Bxc5 Qb8 20. b4 Rd8 21.
Qb3 Nd5 22. Nd6 1-0

[Event "40th Annual World Open"]
[Site "Philadelphia USA"]
[Date "2012.07.05"]
[Round "3"]
[White "Bartell, Thomas"]
[Black "Kacheishvili, Giorgi"]
[Result "1/2-1/2"]
[WhiteTitle "FM"]
[BlackTitle "GM"]
[WhiteElo "2410"]
[BlackElo "2605"]
[WhiteFideId "2017849"]
[BlackFideId "13600613"]
[EventDate "2012.07.03"]
[EventType "swiss"]

1. Nf3 g6 2. c4 Bg7 3. d4 d6 4. Nc3 Bg4 5. e3 Nf6 6. Be2 O-O 7. O-O Re8 8. h3
Bf5 9. d5 e5 10. dxe6 Bxe6 11. Nd4 Nc6 12. Nxe6 Rxe6 13. Rb1 Nd7 14. Nd5 a5 15.
b3 Nc5 16. a3 Re8 17. Qc2 Ne5 1/2-1/2

[Event "40th Annual World Open"]
[Site "Philadelphia USA"]
[Date "2012.07.05"]
[Round "3"]
[White "Shabalov, Alexander"]
[Black "Burnett, Ronald"]
[Result "1-0"]
[WhiteTitle "GM"]
[BlackTitle "IM"]
[WhiteElo "2534"]
[BlackElo "2350"]
[WhiteFideId "2008572"]
[BlackFideId "2002159"]
[EventDate "2012.07.03"]
[EventType "swiss"]

1. d4 Nf6 2. c4 c6 3. Nc3 d5 4. e3 g6 5. h3 Bg7 6. Nf3 O-O 7. Bd3 c5 8. O-O Na6
9. a3 cxd4 10. exd4 b6 11. Re1 dxc4 12. Bxc4 Nc7 13. Bg5 Bb7 14. Rc1 Rc8 15. Ba2
Qd6 16. Ne5 Ncd5 17. Qa4 Nxc3 18. bxc3 a6 19. Qb3 e6 20. c4 Qxd4 21. Rcd1 Qc5
22. Bxf6 Bxf6 23. Nd7 Qg5 24. g3 Be7 25. Nxf8 Rxf8 26. Qxb6 Bf3 27. Rd3 Bc5 28.
Qc7 Qf5 29. Rxf3 1-0

[Event "40th Annual World Open"]
[Site "Philadelphia USA"]
[Date "2012.07.05"]
[Round "3"]
[White "Gelashvili, Tamaz"]
[Black "Tuhrim, Richard"]
[Result "1-0"]
[WhiteTitle "GM"]
[WhiteElo "2604"]
[BlackElo "2268"]
[WhiteFideId "13600702"]
[BlackFideId "2026350"]
[EventDate "2012.07.03"]
[EventType "swiss"]

1. e4 e6 2. b3 d5 3. Bb2 dxe4 4. Nc3 Nf6 5. g4 h6 6. Bg2 Bd7 7. Qe2 Bc6 8. O-O-O
Nbd7 9. h4 Nc5 10. Nh3 Qd6 11. g5 Nfd7 12. Nxe4 Nxe4 13. Bxe4 Bxe4 14. Qxe4
O-O-O 15. gxh6 Rxh6 16. Ng5 Qe7 17. Rde1 Kb8 18. f4 Nf6 19. Qe2 Qd7 20. Rh3 Bd6
21. Be5 Nd5 22. Qf2 Bxe5 23. fxe5 f6 24. Nf3 Qc6 25. Nd4 Qc5 26. c3 fxe5 27.
Rxe5 Rf6 28. Rf3 Rdf8 29. Rxe6 Rxf3 30. Qxf3 a6 31. Qd1 Rf2 32. Re2 Qf8 33. Rxf2
Qxf2 34. Qf3 Qe1+ 35. Kc2 Nf6 36. Qf4 Qa1 37. a4 Qa2+ 38. Kd3 Qb1+ 39. Ke2 Qh1
40. a5 Qg2+ 41. Kd1 Ne4 42. Kc2 g5 43. hxg5 Nxg5 44. Qf8+ Ka7 45. Qd8 Ne4 46.
Nc6+ bxc6 47. Qxc7+ Ka8 48. Qxc6+ Kb8 49. Qb6+ Kc8 50. Qxa6+ Kb8 51. Qb5+ Ka7
52. Qd7+ Ka6 53. b4 Nf2 54. Qe6+ Kb5 55. Kb3 1-0

[Event "40th Annual World Open"]
[Site "Philadelphia USA"]
[Date "2012.07.05"]
[Round "3"]
[White "Thaler, Michael"]
[Black "Sarkar, Justin"]
[Result "0-1"]
[BlackTitle "IM"]
[WhiteElo "2243"]
[BlackElo "2396"]
[WhiteFideId "2022141"]
[BlackFideId "2010011"]
[EventDate "2012.07.03"]
[EventType "swiss"]

1. e4 c6 2. c4 d5 3. cxd5 cxd5 4. exd5 Nf6 5. Nc3 Nxd5 6. Nf3 Nxc3 7. bxc3 g6 8.
d4 Bg7 9. Bd3 O-O 10. O-O Qc7 11. Bd2 b6 12. Qc1 Bb7 13. Bf4 Qc8 14. Qe3 Re8 15.
Ng5 Nd7 16. Bb5 Bc6 17. Bc4 e6 18. Bd3 e5 19. Bc4 exf4 20. Qxf4 Nf6 21. Nxf7 Bd5
22. Nd6 Qc7 23. Nxe8 Qxf4 24. Nxf6+ Kh8 25. Nxd5 Qd6 26. Rfe1 Qc6 27. Bb3 Re8
28. Nc7 Rxe1+ 29. Rxe1 h5 30. Re8+ Kh7 31. Re7 Qxc3 32. g3 Kh6 33. d5 Be5 34.
Nb5 Qe1+ 35. Kg2 Qe4+ 36. Kg1 h4 37. Nxa7 h3 38. Kf1 Qd3+ 0-1

[Event "40th Annual World Open"]
[Site "Philadelphia USA"]
[Date "2012.07.05"]
[Round "3"]
[White "Mulyar, Michael A."]
[Black "Chiang, Sarah"]
[Result "1/2-1/2"]
[WhiteTitle "IM"]
[BlackTitle "WCM"]
[WhiteElo "2386"]
[BlackElo "2102"]
[WhiteFideId "2008742"]
[BlackFideId "2010810"]
[EventDate "2012.07.03"]
[EventType "swiss"]

1. c4 e6 2. Nf3 Nf6 3. g3 d5 4. d4 Be7 5. Bg2 O-O 6. O-O dxc4 7. Qc2 a6 8. a4 c5
9. dxc5 Bxc5 10. Qxc4 Qe7 11. Bg5 Nbd7 12. Nbd2 h6 13. Bxf6 Nxf6 14. Ne5 Rb8 15.
Qb3 Bd7 16. Ndc4 b5 17. Nxd7 Qxd7 18. Ne5 Qc7 19. Nd3 Bd6 20. axb5 Rxb5 21. Qa4
Rb6 22. Rfc1 Qe7 23. Rc6 Rfb8 24. Rxb6 Rxb6 25. Rc1 e5 26. Rc8+ Kh7 27. Be4+ g6
28. Qc4 Nxe4 29. Qxe4 Qb7 30. Qxb7 Rxb7 31. Rc6 Bb8 32. Rxa6 e4 33. Nc5 Rxb2 34.
e3 Rb4 35. Nd7 Kg7 36. Kg2 Bc7 37. Rc6 Bb8 38. h4 h5 39. Rc8 Bd6 40. Rc6 Bb8 41.
Ra6 Bc7 42. Rc6 Bb8 43. Kf1 Rb1+ 44. Kg2 Rb4 45. Nc5 Be5 46. Rc8 Bd6 47. Rc6 1/2-1/2

[Event "40th Annual World Open"]
[Site "Philadelphia USA"]
[Date "2012.07.05"]
[Round "3"]
[White "Liu, Qingnan"]
[Black "Azarov, Sergei"]
[Result "0-1"]
[WhiteTitle "IM"]
[BlackTitle "GM"]
[WhiteElo "2509"]
[BlackElo "2658"]
[WhiteFideId "8603294"]
[BlackFideId "13501470"]
[EventDate "2012.07.03"]
[EventType "swiss"]

1. e4 c5 2. Nc3 Nc6 3. Bb5 Nd4 4. Bc4 e6 5. Nge2 Nf6 6. O-O a6 7. d3 b5 8. Bb3
Nxb3 9. axb3 Bb7 10. Bg5 h6 11. Bxf6 Qxf6 12. f4 Be7 13. Ng3 h5 14. e5 Qh6 15.
Nge4 f5 16. Nd6+ Bxd6 17. exd6 g5 18. Ne2 Rg8 19. Qe1 h4 20. Qc3 Kf7 21. Rae1
gxf4 22. Nxf4 Rg4 23. Qe5 Rag8 24. Re2 Qg5 25. Rff2 Bxg2 26. Rxg2 Qxf4 27. Qxf4
Rxf4 28. Rxg8 Kxg8 29. Re5 c4 30. dxc4 bxc4 31. b4 Rd4 32. Rc5 Kf7 33. c3 Rxd6
34. Rxc4 Rd1+ 35. Kg2 Rd2+ 36. Kh3 Rxb2 37. Rxh4 d5 38. Rh7+ Kf6 39. Rc7 Ke5 40.
Rc6 Rc2 0-1

[Event "40th Annual World Open"]
[Site "Philadelphia USA"]
[Date "2012.07.05"]
[Round "3"]
[White "Amanov, Mesgen"]
[Black "Sharevich, Anna"]
[Result "1-0"]
[WhiteTitle "GM"]
[BlackTitle "WGM"]
[WhiteElo "2529"]
[BlackElo "2258"]
[WhiteFideId "14000652"]
[BlackFideId "13503189"]
[EventDate "2012.07.03"]
[EventType "swiss"]

1. d4 d5 2. c4 e6 3. Nc3 Be7 4. Nf3 Nf6 5. Bf4 O-O 6. e3 Nbd7 7. c5 c6 8. h3 b6
9. b4 a5 10. a3 Re8 11. Bd3 Bf8 12. O-O Bb7 13. Qe2 Qc8 14. Rfc1 bxc5 15. bxc5
Ba6 16. Na4 g6 17. Rab1 Nh5 18. Bh2 f6 19. Bxa6 Rxa6 20. Nb6 Nxb6 21. cxb6 Qb7
22. Rxc6 Qxc6 23. Qxa6 Bxa3 24. Qxa5 Bd6 25. Bxd6 Qxd6 26. Ne1 f5 27. Nd3 f4 28.
Qc5 Qb8 29. Qc7 fxe3 30. fxe3 Ng3 31. Ne5 1-0

[Event "40th Annual World Open"]
[Site "Philadelphia USA"]
[Date "2012.07.06"]
[Round "4"]
[White "Sethuraman, S.P."]
[Black "Bosiocic, Marin"]
[Result "1/2-1/2"]
[WhiteTitle "GM"]
[BlackTitle "GM"]
[WhiteElo "2535"]
[BlackElo "2570"]
[WhiteFideId "5021596"]
[BlackFideId "14507927"]
[EventDate "2012.07.03"]
[EventType "swiss"]

1. e4 e5 2. Nf3 Nc6 3. d4 exd4 4. Nxd4 Nf6 5. Nxc6 bxc6 6. e5 Qe7 7. Qe2 Nd5 8.
c4 Ba6 9. Nd2 g6 10. Nf3 Bg7 11. Bg5 f6 12. exf6 Qxe2+ 13. Bxe2 Nxf6 14. O-O-O
O-O-O 15. Rhe1 Rde8 16. Be3 Ne4 17. Bd3 c5 18. Re2 d6 19. Rde1 Nf6 20. Bd2 Bb7
21. Rxe8+ Rxe8 22. Rxe8+ Nxe8 23. Ng5 Nf6 24. Ne6 Bh8 25. f3 Kd7 26. Ng5 Bg7 27.
Bc3 Ke7 28. Bxf6+ Bxf6 29. Nxh7 Be5 30. Bxg6 Bxh2 31. Kd2 Bf4+ 32. Ke2 d5 33.
Kd3 a5 34. cxd5 Bxd5 35. b3 c6 36. Be4 Kf7 37. g4 Kg7 38. g5 a4 39. Bxd5 cxd5
40. Nf6 axb3 41. Nh5+ Kf8 42. axb3 1/2-1/2

[Event "40th Annual World Open"]
[Site "Philadelphia USA"]
[Date "2012.07.06"]
[Round "4"]
[White "Azarov, Sergei"]
[Black "Friedel, Joshua E"]
[Result "1/2-1/2"]
[WhiteTitle "GM"]
[BlackTitle "GM"]
[WhiteElo "2658"]
[BlackElo "2503"]
[WhiteFideId "13501470"]
[BlackFideId "2017199"]
[EventDate "2012.07.03"]
[EventType "swiss"]

1. e4 e5 2. Nf3 Nc6 3. Bb5 a6 4. Ba4 Nf6 5. O-O Be7 6. Re1 b5 7. Bb3 d6 8. c3
O-O 9. h3 Nb8 10. d4 Nbd7 11. Nbd2 Bb7 12. Bc2 Re8 13. Nf1 Bf8 14. Ng3 g6 15. a4
c5 16. d5 c4 17. Bg5 h6 18. Be3 Nc5 19. Qd2 h5 20. Bg5 Be7 21. Ra3 Nh7 22. Bh6
Bf6 23. Rea1 Rb8 24. Be3 Bc8 25. axb5 axb5 26. Qd1 Re7 27. Nd2 Rc7 28. Ra5 Bg5
29. Qe1 Bxe3 30. Qxe3 Qg5 31. Qxg5 Nxg5 32. h4 Nh7 33. Ne2 Nf6 34. Nc1 Kf8 35.
f3 Ke7 36. R5a3 Nfd7 37. Na2 Na6 38. Nb4 Nxb4 39. cxb4 Rb6 40. Rc3 Nb8 41. b3
Na6 42. bxc4 bxc4 43. Rxc4 1/2-1/2

[Event "40th Annual World Open"]
[Site "Philadelphia USA"]
[Date "2012.07.06"]
[Round "4"]
[White "Zapata, Alonso"]
[Black "Gupta, Abhijeet"]
[Result "0-1"]
[WhiteTitle "GM"]
[BlackTitle "GM"]
[WhiteElo "2488"]
[BlackElo "2627"]
[WhiteFideId "4400011"]
[BlackFideId "5010608"]
[EventDate "2012.07.03"]
[EventType "swiss"]

1. e4 c5 2. Nf3 d6 3. d4 cxd4 4. Nxd4 Nf6 5. Nc3 Nc6 6. Bc4 e6 7. Be3 a6 8. Bb3
Na5 9. Qe2 b5 10. g4 Qc7 11. g5 Nd7 12. Bxe6 fxe6 13. Nxe6 Qc4 14. Nd5 Qxe2+ 15.
Kxe2 Kf7 16. Nd8+ Kg8 17. Rhg1 Ne5 18. Nf6+ gxf6 19. gxf6+ Bg4+ 20. Rxg4+ Nxg4
21. f7+ Kg7 22. Bd4+ Kg6 23. Rg1 h5 24. Bxh8 Rxd8 25. h3 Kh7 26. Bc3 b4 27. Bxb4
Nc6 28. Bc3 Nge5 29. Rg5 Nxf7 30. Rxh5+ Kg6 31. Rd5 Ng5 32. f3 Nxh3 33. Bd2 Bg7
34. f4 Nd4+ 35. Ke3 Nxc2+ 36. Kf3 Ng1+ 37. Kg4 Bxb2 38. f5+ Kf7 39. Bg5 Bf6 0-1

[Event "40th Annual World Open"]
[Site "Philadelphia USA"]
[Date "2012.07.06"]
[Round "4"]
[White "Ludwig, Daniel"]
[Black "Romanov, Evgeny"]
[Result "1/2-1/2"]
[WhiteTitle "IM"]
[BlackTitle "GM"]
[WhiteElo "2482"]
[BlackElo "2623"]
[WhiteFideId "2024322"]
[BlackFideId "4148843"]
[EventDate "2012.07.03"]
[EventType "swiss"]

1. d4 Nf6 2. c4 c5 3. d5 g6 4. Nc3 Bg7 5. e4 d6 6. h3 O-O 7. Nf3 e6 8. Bd3 Na6
9. O-O Nc7 10. dxe6 Nxe6 11. Be3 Nd7 12. Qd2 Ne5 13. Nxe5 dxe5 14. Nd5 Qh4 15.
Rfd1 f5 16. g3 Qd8 17. exf5 gxf5 18. Bh6 Nd4 19. Bxg7 Nf3+ 20. Kg2 Nxd2 21. Bxf8
Nxc4 22. Bxc4 Kxf8 23. Rd2 Bd7 24. Rad1 Ba4 25. b3 Bc6 26. Kh2 Qa5 27. Ne3 Bf3
28. Be2 Bxe2 29. Rxe2 Rd8 30. Nc4 Qc7 31. Rxd8+ Qxd8 32. Rxe5 b6 33. Rxf5+ Kg8
34. h4 Qd3 35. Ne3 Qb1 36. h5 Kg7 37. g4 Qxa2 38. g5 Qxb3 39. Rf6 Kh8 40. Nf5
Qg8 41. g6 hxg6 42. hxg6 Qb8+ 43. Kg1 Qd8 44. g7+ Kg8 45. Rf8+ Qxf8 46. gxf8=Q+
Kxf8 47. Kf1 Kf7 48. Nd6+ Ke6 49. Nc8 b5 50. Nxa7 b4 51. Ke2 1/2-1/2

[Event "40th Annual World Open"]
[Site "Philadelphia USA"]
[Date "2012.07.06"]
[Round "4"]
[White "Kolev, Atanas"]
[Black "Hungaski, Robert Andrew"]
[Result "1/2-1/2"]
[WhiteTitle "GM"]
[BlackTitle "IM"]
[WhiteElo "2604"]
[BlackElo "2488"]
[WhiteFideId "2900130"]
[BlackFideId "2021030"]
[EventDate "2012.07.03"]
[EventType "swiss"]

1. d4 Nf6 2. Nf3 g6 3. Bg5 Bg7 4. Nbd2 O-O 5. c3 d6 6. e4 c5 7. dxc5 dxc5 8. Bc4
Nc6 9. Qe2 Qc7 10. O-O Na5 11. Bd3 h6 12. Bxf6 Bxf6 13. h3 Bg7 14. Nc4 Nc6 15.
Ne3 e6 16. a4 Bd7 17. Nc4 Ne7 18. e5 Bc6 19. Be4 Bd5 20. Rfe1 Rad8 21. Nd6 Nc6
22. Nb5 Qe7 23. Rad1 a6 24. Nd6 Nxe5 25. Nxe5 Bxe5 26. Nxb7 Qxb7 27. Bxd5 Rxd5
28. Rxd5 exd5 29. Qxe5 Qxb2 30. Qxd5 Qxc3 31. Re4 Qa5 32. Qc6 Rb8 33. Re8+ Rxe8
34. Qxe8+ Kg7 35. Qe5+ Kg8 36. Qe8+ Kg7 37. Qe5+ Kh7 38. Qe7 Kg7 1/2-1/2

[Event "40th Annual World Open"]
[Site "Philadelphia USA"]
[Date "2012.07.06"]
[Round "4"]
[White "Deepan, Chakkravarthy J."]
[Black "Stripunsky, Alexander"]
[Result "1-0"]
[WhiteTitle "GM"]
[BlackTitle "GM"]
[WhiteElo "2468"]
[BlackElo "2553"]
[WhiteFideId "5011132"]
[BlackFideId "2015315"]
[EventDate "2012.07.03"]
[EventType "swiss"]

1. d4 d5 2. c4 c6 3. Nf3 Nf6 4. e3 Bf5 5. Nc3 e6 6. Nh4 Be4 7. f3 Bg6 8. Nxg6
hxg6 9. Qb3 Qc7 10. Bd2 Nbd7 11. cxd5 Nxd5 12. e4 N5b6 13. O-O-O a5 14. Kb1 a4
15. Qc2 a3 16. b3 e5 17. dxe5 Qxe5 18. f4 Qe6 19. Be2 Bc5 20. e5 Qe7 21. Ne4 Nd5
22. Bc4 b5 23. Bxd5 cxd5 24. e6 fxe6 25. Nxc5 Qxc5 26. Qxg6+ Kf8 27. Qxe6 Nf6
28. Be3 Qe7 29. Qxe7+ Kxe7 30. Bd4 Ne4 31. h4 Kf7 32. g4 Rac8 33. h5 Rhe8 34.
Rd3 Rc6 35. Rc1 Rec8 36. Rxc6 Rxc6 37. g5 b4 38. Be5 Rc5 39. Bd4 Rc6 40. Be5 Rc5
41. g6+ Kf8 42. Rd1 Kg8 43. f5 Kf8 44. Rg1 Rc6 45. h6 gxh6 46. f6 Rxf6 47. Bxf6
Nxf6 48. Kc2 Kg7 49. Kd3 Ne4 50. Kd4 h5 51. Rg2 h4 52. Kxd5 h3 53. Rh2 Ng5 54.
Kc4 Kxg6 55. Kxb4 Kf5 56. Kxa3 Kg4 57. Kb4 Kg3 58. Rc2 Nf3 59. a4 Ne1 60. Rd2
Nf3 61. Rc2 Ne1 62. Rc8 Nf3 63. Rg8+ Kf4 64. Rh8 Kg3 65. Rxh3+ Kxh3 66. a5 Nd4
67. a6 Kg4 68. Kc5 1-0

[Event "40th Annual World Open"]
[Site "Philadelphia USA"]
[Date "2012.07.06"]
[Round "4"]
[White "Evdokimov, Alexander A."]
[Black "Bryant, John Daniel"]
[Result "1-0"]
[WhiteTitle "GM"]
[BlackTitle "FM"]
[WhiteElo "2544"]
[BlackElo "2377"]
[WhiteFideId "4139275"]
[BlackFideId "2031280"]
[EventDate "2012.07.03"]
[EventType "swiss"]

1. d4 Nf6 2. c4 c5 3. d5 e6 4. Nc3 exd5 5. cxd5 d6 6. Nf3 g6 7. Bf4 Bg7 8. h3
O-O 9. e3 Na6 10. Be2 Nc7 11. a4 a6 12. O-O Rb8 13. e4 Re8 14. Nd2 b5 15. Bf3 b4
16. Ne2 a5 17. Re1 Ba6 18. Rc1 Na8 19. Ng3 Qc7 20. Nb3 Nd7 21. Be2 Bxe2 22. Rxe2
Qb6 23. Nd2 Ne5 24. Bxe5 Bxe5 25. Nc4 Qa7 26. Nxe5 Rxe5 27. f4 Re7 28. e5 Nb6
29. exd6 Rxe2 30. Qxe2 Nxa4 31. Qe5 c4+ 32. Kh1 Nxb2 33. d7 c3 34. Ne4 Nd3 35.
Nf6+ Kh8 36. Qe7 Qf2 37. d8=Q+ Rxd8 38. Qxd8+ Kg7 39. Nd7 1-0

[Event "40th Annual World Open"]
[Site "Philadelphia USA"]
[Date "2012.07.06"]
[Round "4"]
[White "Harmon, Luke"]
[Black "Shabalov, Alexander"]
[Result "0-1"]
[BlackTitle "GM"]
[WhiteElo "2265"]
[BlackElo "2534"]
[WhiteFideId "2030012"]
[BlackFideId "2008572"]
[EventDate "2012.07.03"]
[EventType "swiss"]

1. d4 Nf6 2. c4 e6 3. Nc3 Bb4 4. Qc2 O-O 5. a3 Bxc3+ 6. Qxc3 Qe8 7. f3 d6 8. e4
e5 9. d5 a5 10. b3 c6 11. Bd3 b5 12. Bg5 bxc4 13. bxc4 Nfd7 14. Ne2 Nc5 15. O-O
Ba6 16. Be3 Nxd3 17. Qxd3 cxd5 18. Qxd5 Qc6 19. Qxa5 Bxc4 20. Qd2 Qa6 21. Rfe1
Nc6 22. Nc3 Na5 23. Qf2 Nb3 24. Rad1 Qxa3 25. Nd5 Bxd5 26. Rxd5 Rfc8 27. Red1
Rc6 28. f4 f6 29. fxe5 dxe5 30. Rd8+ Rxd8 31. Rxd8+ Kf7 32. Qf5 Qa1+ 33. Kf2
Rc2+ 34. Kg3 Qe1+ 35. Bf2 Qc3+ 36. Kh4 Qc6 37. Rd7+ Kf8 38. Rd8+ Ke7 39. Rg8 g6
40. Qf3 Rc3 41. Qg4 Rc4 42. Qf3 Kf7 43. Rd8 Qxe4+ 44. Qxe4 Rxe4+ 45. Kg3 h5 46.
Kf3 Rc4 47. Rd6 g5 48. h3 Rc2 49. Be3 Na5 50. g4 Nc4 51. Rd3 h4 52. Bg1 Ke6 53.
Rd8 Nd6 54. Ra8 e4+ 55. Ke3 Rg2 0-1

[Event "40th Annual World Open"]
[Site "Philadelphia USA"]
[Date "2012.07.06"]
[Round "4"]
[White "Romanenko, Vladimir"]
[Black "So, Wesley"]
[Result "1/2-1/2"]
[WhiteTitle "GM"]
[BlackTitle "GM"]
[WhiteElo "2463"]
[BlackElo "2650"]
[WhiteFideId "13502921"]
[BlackFideId "5202213"]
[EventDate "2012.07.03"]
[EventType "swiss"]

1. e4 e6 2. d4 d5 3. Nd2 c5 4. Ngf3 cxd4 5. exd5 Qxd5 6. Bc4 Qd6 7. O-O Nf6 8.
Nb3 Nc6 9. Nbxd4 Nxd4 10. Nxd4 g6 11. c3 Qc7 12. Bd3 Bd6 13. h3 O-O 14. Bg5 Nd7
15. Qe2 Nc5 16. Bc2 Re8 17. Rad1 Bf8 18. Rfe1 e5 19. Bf4 f6 20. Bg3 Bd7 21. Qc4+
Ne6 22. Qd5 Qc8 23. Nf5 Bb5 24. Qe4 Ng5 25. Qh4 Bd7 26. Ne3 1/2-1/2

[Event "40th Annual World Open"]
[Site "Philadelphia USA"]
[Date "2012.07.06"]
[Round "4"]
[White "Kacheishvili, Giorgi"]
[Black "Shahade, Gregory"]
[Result "1/2-1/2"]
[WhiteTitle "GM"]
[BlackTitle "IM"]
[WhiteElo "2605"]
[BlackElo "2462"]
[WhiteFideId "13600613"]
[BlackFideId "2009064"]
[EventDate "2012.07.03"]
[EventType "swiss"]

1. c4 e5 2. g3 Nf6 3. Bg2 d5 4. d3 dxc4 5. Qa4+ c6 6. Qxc4 Be6 7. Qc2 Bd6 8. Nf3
O-O 9. O-O Re8 10. Nc3 Nbd7 11. Rd1 Qc7 12. h3 h6 13. d4 e4 14. Nd2 e3 15. fxe3
Bxg3 16. Nf1 Nf8 17. e4 Bf4 18. e5 Bxc1 19. Raxc1 N6h7 20. Nb5 Qd7 21. Nd6 Bxh3
22. Nxe8 Rxe8 23. Bf3 Ng5 24. Ng3 Ng6 25. Kf2 Nh4 26. Qd2 Bg4 27. Bh1 f6 28. Rc3
fxe5 29. d5 Qf7+ 30. Ke1 e4 31. dxc6 bxc6 32. Qd4 Qf4 33. Qe3 Qe5 34. Kd2 Qd5+
35. Kc2 Qxa2 36. Rb3 c5 37. Rb7 Be6 38. Qc3 Bf7 39. Rdd7 Qa4+ 40. Kb1 Qa2+ 41.
Kc2 Qa4+ 42. b3 Qa2+ 43. Qb2 Qa6 44. Rxa7 Qg6 45. Qc3 Nf5 46. Kb2 Nxg3 47. Qxg3
Qf6+ 48. Qc3 Qf1 49. Ra1 Qxe2+ 50. Rd2 Qb5 51. Ra5 Qb7 52. Rxc5 Rb8 53. Rc7
Qxb3+ 54. Qxb3 Rxb3+ 55. Kc2 Re3 56. Rd8+ Kh7 57. Kd2 Rh3 58. Rxf7 Rxh1 59. Re7
h5 60. Rdd7 h4 61. Rxg7+ Kh6 62. Rg8 h3 63. Rd6+ Kh5 64. Rd5 Rg1 65. Rh8+ Kg6
66. Rxg5+ Rxg5 1/2-1/2

[Event "40th Annual World Open"]
[Site "Philadelphia USA"]
[Date "2012.07.06"]
[Round "4"]
[White "Garcia, Gildardo"]
[Black "Gelashvili, Tamaz"]
[Result "1/2-1/2"]
[WhiteTitle "GM"]
[BlackTitle "GM"]
[WhiteElo "2418"]
[BlackElo "2604"]
[WhiteFideId "4400020"]
[BlackFideId "13600702"]
[EventDate "2012.07.03"]
[EventType "swiss"]

1. e4 e5 2. Nf3 d6 3. d4 exd4 4. Nxd4 Nf6 5. Nc3 Be7 6. Bc4 O-O 7. O-O c6 8. a4
a5 9. Re1 Re8 10. Bf4 Bf8 11. Qd2 Nbd7 12. Rad1 Ne5 13. Bb3 h6 14. h3 Bd7 15.
Bg3 Qb6 16. f4 Ng6 17. Kh1 Rad8 18. Bh2 Bc8 19. Re2 Nd7 20. f5 Nge5 21. Ne6 fxe6
22. fxe6 Nc5 23. e7+ Nxb3 24. exd8=Q Qxd8 25. cxb3 Qb6 26. Rf1 Qxb3 27. Ref2 Be7
28. Qe2 Qe6 29. Qh5 Qg6 30. Qxg6 Nxg6 31. Rd1 Ne5 32. Ne2 g6 33. Nd4 Bh4 34. Re2
Bd8 35. Bf4 h5 36. Nf3 Nxf3 37. gxf3 d5 38. Rg2 dxe4 39. fxe4 Kh7 40. Kh2 Bb6
41. Rd6 Be6 42. Rgd2 Kg8 43. Kg3 Bc7 44. Rxe6 Bxf4+ 45. Kxf4 Rxe6 46. Rd7 Rf6+
47. Ke5 Rf3 48. Rxb7 Rxh3 49. Kf6 h4 50. Rg7+ Kf8 51. Rxg6 Rf3+ 52. Ke6 h3 53.
Rh6 Kg7 54. Rh4 Rf6+ 55. Ke7 Rh6 56. Rg4+ Rg6 57. Rh4 Rh6 58. Rg4+ Kh7 59. Kf7
h2 1/2-1/2

[Event "40th Annual World Open"]
[Site "Philadelphia USA"]
[Date "2012.07.06"]
[Round "4"]
[White "Robson, Ray"]
[Black "Bartell, Thomas"]
[Result "1/2-1/2"]
[WhiteTitle "GM"]
[BlackTitle "FM"]
[WhiteElo "2601"]
[BlackElo "2410"]
[WhiteFideId "2023970"]
[BlackFideId "2017849"]
[EventDate "2012.07.03"]
[EventType "swiss"]

1. e4 c5 2. Nf3 Nc6 3. d4 cxd4 4. Nxd4 g6 5. Nc3 Bg7 6. Be3 Nf6 7. Bc4 Qa5 8.
O-O O-O 9. Nb3 Qc7 10. Re1 d6 11. Bf1 a6 12. Qd2 Ne5 13. Nd5 Nxd5 14. exd5 b5
15. c3 Bb7 16. Rad1 Rfe8 17. h3 Nd7 18. g3 Nb6 19. Na5 Bxd5 20. Bxb6 Qxb6 21.
Qxd5 e6 1/2-1/2